[Event "Krasnodar Region-ch U18"]
[Site "Bzhid"]
[Date "2013.03.04"]
[Round "3"]
[White "Piskunov, Ivan"]
[Black "Demidov, Vladislav"]
[Result "1-0"]
[WhiteElo "1950"]
[BlackElo "2084"]
[PlyCount "57"]
[EventDate "2013.03.02"]
[EventType "tourn"]
[EventRounds "9"]
[EventCountry "RUS"]
[SourceTitle "EXT 2015"]
[Source "ChessBase"]
[SourceDate "2014.11.20"]
[SourceVersion "1"]
[SourceVersionDate "2014.11.20"]
[SourceQuality "1"]

1. d4 d5 2. c4 e5 3. dxe5 d4 4. Nf3 Nc6 5. g3 Nge7 6. Bg2 Ng6 7. 0-0 Ngxe5 8. Nbd2 Be7 9. a3 a5 10. b3 0-0 11. Bb2 Nxf3+ 12. Nxf3 Bf6 13. Qc2 g6 14. Rad1 Bf5 15. e4 dxe3 16. Rxd8 Bxc2 17. Rxf8+ Kxf8 18. Bxf6 exf2+ 19. Rxf2 Bxb3 20. Rb2 a4 21. Nd2 Na5 22. Bc3 Nxc4 23. Nxc4 Bxc4 24. Rxb7 Rc8 25. Bc6 Rd8 26. Rxc7 Rd1+ 27. Kf2 Rc1 28. Bb4+ Kg7 29. Bxa4 1-0

[Event "Krasnodar Region-ch U18"]
[Site "Bzhid"]
[Date "2013.03.03"]
[Round "2"]
[White "Demidov, Vladislav"]
[Black "Gudymenko, Mikhail"]
[Result "1-0"]
[WhiteElo "2084"]
[BlackElo "1992"]
[PlyCount "75"]
[EventDate "2013.03.02"]
[EventType "tourn"]
[EventRounds "9"]
[EventCountry "RUS"]
[SourceTitle "EXT 2015"]
[Source "ChessBase"]
[SourceDate "2014.11.20"]
[SourceVersion "1"]
[SourceVersionDate "2014.11.20"]
[SourceQuality "1"]

1. d4 e6 2. Bf4 g5 3. Bg3 d6 4. e3 Ne7 5. Qh5 Nf5 6. Nc3 Nd7 7. 0-0-0 Nf6 8. Qe2 h5 9. e4 Nxg3 10. hxg3 g4 11. f4 Bg7 12. e5 Nd7 13. exd6 cxd6 14. Qb5 a6 15. Qd3 d5 16. Re1 Nf6 17. f5 Kf8 18. fxe6 Bxe6 19. Nge2 Qd7 20. Nf4 Bf5 21. Qd2 b5 22. Bd3 b4 23. Nd1 a5 24. Rhf1 Bxd3 25. Qxd3 Rc8 26. Ne3 Kg8 27. Nf5 Re8 28. Rxe8+ Qxe8 29. Qa6 Qe4 30. Nd3 Qe2 31. Re1 Qxg2 32. Nf4 Qf2 33. Rf1 Qh2 34. Ne7+ Kh7 35. Nd3 Ne4 36. Nxd5 Re8 37. Nc7 Rc8 38. Qc4 1-0

[Event "Krasnodar Region Cup"]
[Site "Krasnodar"]
[Date "2013.01.24"]
[Round "2"]
[White "Golub, Sergey"]
[Black "Demidov, Vladislav"]
[Result "1-0"]
[WhiteElo "1880"]
[BlackElo "2076"]
[PlyCount "51"]
[EventDate "2013.01.23"]
[EventType "swiss"]
[EventRounds "8"]
[EventCountry "RUS"]
[SourceTitle "EXT 2023"]
[Source "ChessBase"]
[SourceDate "2022.10.05"]
[SourceVersion "1"]
[SourceVersionDate "2022.10.05"]
[SourceQuality "1"]

1. d4 d5 2. Nf3 Bf5 3. e3 e6 4. c4 c6 5. Nc3 Nd7 6. Qb3 Qb6 7. c5 Qc7 8. Nh4 Bg6 9. Nxg6 hxg6 10. g3 Ngf6 11. Bg2 Be7 12. Bd2 Ng4 13. h3 Nh6 14. e4 dxe4 15. Nxe4 Nf5 16. Qc3 Nf6 17. 0-0-0 Rd8 18. Bf4 Qd7 19. Nxf6+ Bxf6 20. Be5 Nxd4 21. Rxd4 Qxd4 22. Bxd4 Bxd4 23. Qb3 Rh5 24. Qxb7 Rxc5+ 25. Kb1 Rd7 26. Bxc6 1-0

[Event "Doroshkevich Memorial op"]
[Site "Sochi"]
[Date "2012.12.02"]
[Round "7"]
[White "Gubernatorova, Lyudmila"]
[Black "Demidov, Vladislav"]
[Result "1/2-1/2"]
[WhiteElo "2215"]
[BlackElo "2061"]
[PlyCount "114"]
[EventDate "2012.11.26"]
[EventType "swiss"]
[EventRounds "9"]
[EventCountry "RUS"]
[SourceTitle "EXT 2014"]
[Source "ChessBase"]
[SourceDate "2013.11.20"]
[SourceVersion "1"]
[SourceVersionDate "2013.11.20"]
[SourceQuality "1"]

1. d4 d5 2. c4 e5 3. dxe5 d4 4. Nf3 Nc6 5. a3 Bg4 6. Nbd2 Qe7 7. Qa4 0-0-0 8. g3 Kb8 9. Bg2 Nxe5 10. 0-0 h5 11. Qb5 Nxf3+ 12. Nxf3 Qc5 13. Qxc5 Bxc5 14. b4 Be7 15. Bb2 Bf6 16. Rad1 Nh6 17. Bxd4 Bxd4 18. Rxd4 Rxd4 19. Nxd4 Rd8 20. e3 Nf5 21. Re1 c6 22. h3 Nxd4 23. exd4 Bf5 24. d5 cxd5 25. cxd5 Kc7 26. Re7+ Rd7 27. Re5 g6 28. h4 Kd6 29. Re3 Bb1 30. Bf3 Ba2 31. Kg2 Bxd5 32. Bxd5 Kxd5 33. Kf3 Rc7 34. Kf4 f6 35. Rd3+ Ke6 36. Ke4 Rc4+ 37. Ke3 a5 38. bxa5 Ra4 39. Rb3 Rxa5 40. Kd4 Rd5+ 41. Kc4 Rd2 42. Rxb7 Rxf2 43. a4 g5 44. a5 gxh4 45. gxh4 Rf4+ 46. Kb5 Rxh4 47. a6 Rh1 48. Rb6+ Kf5 49. a7 Rb1+ 50. Ka6 Ra1+ 51. Kb7 Rxa7+ 52. Kxa7 h4 53. Rb7 h3 54. Kb6 Kf4 55. Kc5 h2 56. Rh7 Kg3 57. Kd4 Kg2 1/2-1/2

[Event "Yufo U18"]
[Site "Astrakhan"]
[Date "2012.11.01"]
[Round "6"]
[White "Zakhartsov, Vladimir"]
[Black "Demidov, Vladislav"]
[Result "1-0"]
[WhiteElo "2328"]
[BlackElo "2061"]
[PlyCount "40"]
[EventDate "2012.10.27"]
[EventType "swiss"]
[EventRounds "9"]
[EventCountry "RUS"]
[SourceTitle "EXT 2022"]
[Source "ChessBase"]
[SourceDate "2021.10.06"]
[SourceVersion "1"]
[SourceVersionDate "2021.10.06"]
[SourceQuality "1"]

1. e4 d5 2. exd5 Qxd5 3. Nc3 Qd6 4. d4 Nf6 5. Bd3 Nc6 6. Nge2 e5 7. 0-0 Nxd4 8. Nxd4 Qxd4 9. Re1 a6 10. Qf3 c6 11. Be3 Qg4 12. Qxg4 Nxg4 13. Bg5 f6 14. h3 fxg5 15. hxg4 Kf7 16. Rxe5 Bd6 17. Rxg5 Bf4 18. Rc5 Bd6 19. Rg5 Bf4 20. Ra5 b5 1-0

[Event "Yufo U18"]
[Site "Astrakhan"]
[Date "2012.10.30"]
[Round "4"]
[White "Demidov, Vladislav"]
[Black "Sokolov, Vladimir1111"]
[Result "1-0"]
[WhiteElo "2061"]
[BlackElo "2027"]
[PlyCount "61"]
[EventDate "2012.10.27"]
[EventType "swiss"]
[EventRounds "9"]
[EventCountry "RUS"]
[SourceTitle "EXT 2022"]
[Source "ChessBase"]
[SourceDate "2021.10.06"]
[SourceVersion "1"]
[SourceVersionDate "2021.10.06"]
[SourceQuality "1"]

1. d4 d5 2. Bf4 Nf6 3. e3 c5 4. c3 Nc6 5. Nd2 Bf5 6. Qb3 Qb6 7. dxc5 Qxb3 8. axb3 e5 9. Bg3 Bxc5 10. b4 Bd6 11. Ngf3 Nd7 12. Be2 0-0 13. 0-0 h6 14. Rfd1 Bc7 15. b5 Ne7 16. c4 Be6 17. Rac1 dxc4 18. Nxc4 Ng6 19. h4 f5 20. Nd6 Bb6 21. Nxb7 f4 22. exf4 exf4 23. Bh2 Rab8 24. Nd6 Nge5 25. Nd4 Bd5 26. Nc6 Bxc6 27. bxc6 Bc7 28. Nb5 f3 29. gxf3 Rxb5 30. cxd7 Rxb2 31. Rxc7 1-0

[Event "Anapa op"]
[Site "Anapa"]
[Date "2012.09.07"]
[Round "8"]
[White "Mingazov, Almaz"]
[Black "Demidov, Vladislav"]
[Result "0-1"]
[WhiteElo "1870"]
[BlackElo "2048"]
[PlyCount "84"]
[EventDate "2012.08.30"]
[EventType "swiss"]
[EventRounds "9"]
[EventCountry "RUS"]
[SourceTitle "CBM 150 Extra"]
[Source "ChessBase"]
[SourceDate "2012.10.19"]
[SourceVersion "1"]
[SourceVersionDate "2012.10.19"]
[SourceQuality "1"]

1. d4 d5 2. Nf3 Bf5 3. c4 e6 4. Nc3 c6 5. Qb3 Qb6 6. Bf4 Nd7 7. Rc1 dxc4 8. Qxb6 axb6 9. e4 Bg6 10. d5 b5 11. dxe6 fxe6 12. a3 Nc5 13. Nd2 Nf6 14. f3 Be7 15. g4 0-0 16. Bg3 Rad8 17. h4 h5 18. g5 Ne8 19. f4 Nd6 20. Bh3 Nd3+ 21. Kd1 Nxc1 22. Bxe6+ Bf7 23. Bxf7+ Nxf7 24. Kxc1 Rd3 25. Be1 Bxa3 26. Nxc4 Bc5 27. Nd2 Be3 28. Rf1 Rfd8 29. Ncb1 Nd6 30. Kc2 Rd4 31. Nc3 Bxd2 32. Bxd2 Nxe4 33. Be3 Rc4 34. f5 b4 35. f6 bxc3 36. f7+ Kf8 37. b3 Rcd4 38. Bxd4 Rxd4 39. Rf4 Rd2+ 40. Kb1 Nc5 41. g6 Rb2+ 42. Kc1 Nd3+ 0-1

[Event "Anapa op"]
[Site "Anapa"]
[Date "2012.08.30"]
[Round "1"]
[White "Demidov, Vladislav"]
[Black "Shestakov, Dmitry"]
[Result "1-0"]
[WhiteElo "2048"]
[BlackElo "2284"]
[PlyCount "75"]
[EventDate "2012.08.30"]
[EventType "swiss"]
[EventRounds "9"]
[EventCountry "RUS"]
[SourceTitle "CBM 150 Extra"]
[Source "ChessBase"]
[SourceDate "2012.10.19"]
[SourceVersion "1"]
[SourceVersionDate "2012.10.19"]
[SourceQuality "1"]

1. d4 Nf6 2. Nf3 g6 3. Bf4 Bg7 4. e3 0-0 5. Be2 d6 6. h3 c5 7. Nbd2 cxd4 8. exd4 Nc6 9. c3 Bd7 10. 0-0 a6 11. Re1 Re8 12. Bf1 Nh5 13. Bh2 b5 14. Qb3 Na5 15. Qa3 Nf6 16. Rac1 Be6 17. c4 bxc4 18. Nxc4 Nxc4 19. Bxc4 Qb6 20. Ng5 Bd5 21. Bxd5 Nxd5 22. Qf3 Nf6 23. Rxe7 Qxb2 24. Bf4 Rxe7 25. Qxa8+ Re8 26. Rc8 Qb5 27. Bxd6 Qd7 28. Rxe8+ Nxe8 29. Bc5 h6 30. Nf3 Bf8 31. Bxf8 Kxf8 32. Qxa6 Nc7 33. Qc4 Ne6 34. a4 Kg7 35. a5 Qa7 36. d5 Ng5 37. Qd4+ Qxd4 38. Nxd4 1-0

[Event "Belorechensk Sarkisov Memorial op"]
[Site "Belorechensk"]
[Date "2012.05.31"]
[Round "9"]
[White "Demianjuk, Alexander"]
[Black "Demidov, Vladislav"]
[Result "1/2-1/2"]
[WhiteElo "2300"]
[BlackElo "2043"]
[PlyCount "129"]
[EventDate "2012.05.23"]
[EventType "swiss"]
[EventRounds "9"]
[EventCountry "RUS"]
[SourceTitle "CBM 148 Extra"]
[Source "ChessBase"]
[SourceDate "2012.06.22"]
[SourceVersion "1"]
[SourceVersionDate "2012.06.22"]
[SourceQuality "1"]

1. d4 d5 2. c4 e5 3. dxe5 d4 4. Nf3 Nc6 5. g3 Nge7 6. Bg2 Ng6 7. Qa4 Bd7 8. Qb3 Be7 9. 0-0 0-0 10. e3 Bc5 11. exd4 Nxd4 12. Nxd4 Bxd4 13. Qxb7 Rb8 14. Qe4 Bxe5 15. Nc3 Re8 16. Qc2 Qc8 17. Re1 Bf5 18. Ne4 Rb6 19. Rb1 Rbe6 20. b3 h5 21. Bb2 h4 22. Bxe5 Rxe5 23. Re3 hxg3 24. hxg3 Bh3 25. Bh1 Bf5 26. Rbe1 R8e6 27. Qc3 Qe8 28. Ng5 Rxe3 29. Rxe3 Rxe3 30. Qxe3 Qxe3 31. fxe3 Bb1 32. Ne4 Bxa2 33. Nd2 Ne5 34. Be4 a5 35. Kf2 Kf8 36. Ke2 Ke7 37. Kd1 Kd6 38. Kc2 a4 39. bxa4 Bxc4 40. Nxc4+ Nxc4 41. Kc3 Kc5 42. Bh7 Nxe3 43. Bg8 f6 44. Kd3 Nf5 45. g4 Nd6 46. Be6 Kb4 47. Kd4 c5+ 48. Kd5 Nc4 49. Ke4 Nd6+ 50. Kd5 Nb7 51. Bf5 c4 52. Bc2 Kc3 53. Bh7 Na5 54. Kc5 Nb3+ 55. Kb5 Nd4+ 56. Kb6 Nb3 57. a5 Nxa5 58. Kxa5 Kb2 59. Kb4 c3 60. Kc4 c2 61. Bxc2 Kxc2 62. g5 fxg5 63. Kd4 g4 64. Ke3 g5 65. Kf2 1/2-1/2

[Event "Belorechensk Sarkisov Memorial op"]
[Site "Belorechensk"]
[Date "2012.05.29"]
[Round "7"]
[White "Rjabzev, Konstantin"]
[Black "Demidov, Vladislav"]
[Result "1-0"]
[WhiteElo "2212"]
[BlackElo "2043"]
[PlyCount "31"]
[EventDate "2012.05.23"]
[EventType "swiss"]
[EventRounds "9"]
[EventCountry "RUS"]
[SourceTitle "CBM 148 Extra"]
[Source "ChessBase"]
[SourceDate "2012.06.22"]
[SourceVersion "1"]
[SourceVersionDate "2012.06.22"]
[SourceQuality "1"]

1. e4 d5 2. exd5 Qxd5 3. Nc3 Qd6 4. d4 Nf6 5. Nf3 g6 6. g3 Bg7 7. Bg2 0-0 8. 0-0 c6 9. Re1 Na6 10. Qe2 Re8 11. Bf4 Qb4 12. Rab1 Be6 13. a3 Qc4 14. Qd2 Nd5 15. Bf1 Nxc3 16. Bxc4 1-0

[Event "Belorechensk Sarkisov Memorial op"]
[Site "Belorechensk"]
[Date "2012.05.27"]
[Round "5"]
[White "Udovichenko, Nikolai"]
[Black "Demidov, Vladislav"]
[Result "0-1"]
[WhiteElo "2219"]
[BlackElo "2043"]
[PlyCount "42"]
[EventDate "2012.05.23"]
[EventType "swiss"]
[EventRounds "9"]
[EventCountry "RUS"]
[SourceTitle "CBM 148 Extra"]
[Source "ChessBase"]
[SourceDate "2012.06.22"]
[SourceVersion "1"]
[SourceVersionDate "2012.06.22"]
[SourceQuality "1"]

1. e4 d5 2. Nc3 d4 3. Nce2 Nc6 4. f4 e5 5. Nf3 Bg4 6. Nxe5 Nxe5 7. fxe5 Qh4+ 8. g3 Qh5 9. Bg2 d3 10. cxd3 0-0-0 11. h3 Bf3 12. Bxf3 Qxf3 13. Rf1 Qxd3 14. Qa4 Bc5 15. Rxf7 Nh6 16. Rxg7 Rhf8 17. Nf4 Qf3 18. Qb3 Bf2+ 19. Kf1 Be3+ 20. Ke1 Qf2+ 21. Kd1 Rxd2+ 0-1

[Event "South FR-ch U16"]
[Site "Loo"]
[Date "2011.11.09"]
[Round "8"]
[White "Grachev, Yuri"]
[Black "Demidov, Vladislav"]
[Result "0-1"]
[WhiteElo "1561"]
[BlackElo "2011"]
[PlyCount "60"]
[EventDate "2011.11.02"]
[EventType "swiss"]
[EventRounds "9"]
[EventCountry "RUS"]
[SourceTitle "EXT 2023"]
[Source "ChessBase"]
[SourceDate "2022.10.05"]
[SourceVersion "1"]
[SourceVersionDate "2022.10.05"]
[SourceQuality "1"]

1. e4 d5 2. exd5 Nf6 3. d4 Nxd5 4. Nc3 Nc6 5. Nf3 Bg4 6. Bb5 Nxc3 7. bxc3 Qd5 8. c4 Qe4+ 9. Be3 0-0-0 10. d5 Ne5 11. Qd4 Nxf3+ 12. gxf3 Qxd4 13. Bxd4 Bxf3 14. 0-0 c6 15. Ba4 cxd5 16. cxd5 Rxd5 17. Be3 e6 18. Bb3 Rh5 19. Bf4 Rf5 20. Bg3 h5 21. h4 g5 22. Kh2 Be7 23. Rae1 gxh4 24. Be5 Rxe5 25. Rxe5 Bd6 26. Rfe1 f6 27. Bxe6+ Kc7 28. Bh3 Bxe5+ 29. Kg1 Bd5 30. Re3 Bxa2 0-1

[Event "South FR-ch U16"]
[Site "Loo"]
[Date "2011.11.08"]
[Round "7"]
[White "Demidov, Vladislav"]
[Black "Piskunov, Ivan"]
[Result "0-1"]
[WhiteElo "2011"]
[BlackElo "1918"]
[PlyCount "70"]
[EventDate "2011.11.02"]
[EventType "swiss"]
[EventRounds "9"]
[EventCountry "RUS"]
[SourceTitle "EXT 2023"]
[Source "ChessBase"]
[SourceDate "2022.10.05"]
[SourceVersion "1"]
[SourceVersionDate "2022.10.05"]
[SourceQuality "1"]

1. d4 Nf6 2. Bf4 d5 3. e3 c5 4. Nf3 Nc6 5. c3 Qb6 6. Qb3 c4 7. Qc2 Bf5 8. Qxf5 Qxb2 9. Be2 e6 10. Qh3 Qxa1 11. 0-0 Qxa2 12. Nbd2 Qa5 13. Ng5 Be7 14. e4 dxe4 15. Nxc4 Qd8 16. Bg3 0-0 17. f3 exf3 18. Nxf3 Rc8 19. Bd3 Qd5 20. Nce5 h6 21. Bf4 Nxe5 22. Nxe5 Rxc3 23. Bh7+ Nxh7 24. Qxc3 Rd8 25. Be3 Nf6 26. Qc7 Re8 27. Rf3 Qb3 28. Qc1 Qd5 29. Kh1 Bd6 30. Bxh6 Bxe5 31. dxe5 Qxe5 32. Rg3 g6 33. Bf4 Qd5 34. Rg5 Qd3 35. Rg3 Qd7 0-1

[Event "South FR-ch U16"]
[Site "Loo"]
[Date "2011.11.07"]
[Round "6"]
[White "Zakhartsov, Vladimir"]
[Black "Demidov, Vladislav"]
[Result "1-0"]
[WhiteElo "2193"]
[BlackElo "2011"]
[PlyCount "27"]
[EventDate "2011.11.02"]
[EventType "swiss"]
[EventRounds "9"]
[EventCountry "RUS"]
[SourceTitle "EXT 2023"]
[Source "ChessBase"]
[SourceDate "2022.10.05"]
[SourceVersion "1"]
[SourceVersionDate "2022.10.05"]
[SourceQuality "1"]

1. e4 d5 2. exd5 Qxd5 3. Nc3 Qd6 4. d4 Nf6 5. Bd3 Nc6 6. Nge2 Bg4 7. f3 Bh5 8. Bf4 Qd7 9. Qd2 a6 10. 0-0-0 0-0-0 11. d5 Nxd5 12. g4 Nxc3 13. Qxc3 Bxg4 14. fxg4 1-0

[Event "South FR-ch U16"]
[Site "Loo"]
[Date "2011.11.03"]
[Round "2"]
[White "Demidov, Vladislav"]
[Black "Oganian, Miran1111"]
[Result "0-1"]
[WhiteElo "2011"]
[BlackElo "2210"]
[PlyCount "76"]
[EventDate "2011.11.02"]
[EventType "swiss"]
[EventRounds "9"]
[EventCountry "RUS"]
[SourceTitle "EXT 2023"]
[Source "ChessBase"]
[SourceDate "2022.10.05"]
[SourceVersion "1"]
[SourceVersionDate "2022.10.05"]
[SourceQuality "1"]

1. d4 Nf6 2. Bf4 e6 3. e3 Be7 4. Nd2 b6 5. Qf3 Nc6 6. Be2 Bb7 7. c3 d6 8. 0-0-0 Qd7 9. e4 e5 10. dxe5 dxe5 11. Be3 Rd8 12. g4 h6 13. Qg3 Qe6 14. Kb1 Nb4 15. cxb4 Nxe4 16. Qh3 Nxd2+ 17. Bxd2 Bxh1 18. f3 Qg6+ 19. Kc1 Bg5 20. Qg3 0-0 21. Bxg5 Qxg5+ 22. Kb1 Rxd1+ 23. Bxd1 Qd2 24. Bc2 e4 25. a3 Bxf3 26. Nxf3 exf3 27. Qxf3 Qe1+ 28. Ka2 Qe6+ 29. Bb3 Qd6 30. h4 c5 31. bxc5 Qxc5 32. g5 hxg5 33. Qh5 gxh4 34. Qxh4 b5 35. Qe4 a5 36. Kb1 a4 37. Bc2 Qg1+ 38. Ka2 Qg6 0-1

[Event "Krasnodar Region-ch"]
[Site "Krasnodar"]
[Date "2011.10.22"]
[Round "9"]
[White "Kupin, Ivan"]
[Black "Demidov, Vladislav"]
[Result "0-1"]
[WhiteElo "1726"]
[BlackElo "2011"]
[PlyCount "48"]
[EventDate "2011.10.14"]
[EventType "swiss"]
[EventRounds "9"]
[EventCountry "RUS"]
[SourceTitle "EXT 2022"]
[Source "ChessBase"]
[SourceDate "2021.10.06"]
[SourceVersion "1"]
[SourceVersionDate "2021.10.06"]
[SourceQuality "1"]

1. e4 d5 2. exd5 Qxd5 3. Nc3 Qd6 4. d4 Nf6 5. Nf3 a6 6. Ne5 Nc6 7. Bf4 Nxd4 8. Bc4 Be6 9. Ng6 Qd7 10. Nxh8 Bxc4 11. b3 Be6 12. Na4 Bg4 13. Qd3 Bf5 14. Qc4 Nxc2+ 15. Ke2 Nd4+ 16. Ke1 Ne6 17. Nc5 Qd5 18. Rc1 Qxc4 19. Rxc4 Nd5 20. Be5 Nxc5 21. Rxc5 e6 22. Rc1 Ba3 23. Rd1 f6 24. Ba1 Ke7 0-1

[Event "Krasnodar Region-ch"]
[Site "Krasnodar"]
[Date "2011.10.16"]
[Round "3"]
[White "Demidov, Vladislav"]
[Black "Oganian, Miran"]
[Result "1/2-1/2"]
[WhiteElo "2011"]
[BlackElo "2204"]
[PlyCount "90"]
[EventDate "2011.10.14"]
[EventType "swiss"]
[EventRounds "9"]
[EventCountry "RUS"]
[SourceTitle "EXT 2022"]
[Source "ChessBase"]
[SourceDate "2021.10.06"]
[SourceVersion "1"]
[SourceVersionDate "2021.10.06"]
[SourceQuality "1"]

1. d4 Nf6 2. Bf4 c5 3. e3 Qb6 4. Nf3 Qxb2 5. Nbd2 Nc6 6. Rb1 Qxa2 7. Bc4 Qa5 8. 0-0 cxd4 9. exd4 d5 10. Bd3 e6 11. Re1 Be7 12. Ne5 Nb4 13. Bf1 a6 14. g4 Qd8 15. c3 Nc6 16. Bd3 Nxe5 17. Bxe5 h6 18. Qf3 Bd6 19. c4 Bxe5 20. dxe5 Nh7 21. Bxh7 Rxh7 22. cxd5 exd5 23. e6 Bxe6 24. Rxb7 Qf6 25. Qxf6 gxf6 26. Rxe6+ fxe6 27. Rxh7 0-0-0 28. Rxh6 Rg8 29. Rxf6 Rxg4+ 30. Kf1 Kd7 31. Rf3 Kc6 32. Rb3 a5 33. Ke2 a4 34. Ra3 Kb5 35. Kf3 Rd4 36. Ke3 Rh4 37. Nf3 Re4+ 38. Kd3 Kb4 39. Ra2 Rc4 40. Rb2+ Ka3 41. Rb6 Rf4 42. Nd4 Rxf2 43. Nb5+ Kb4 44. Nc3+ Ka5 45. Rxe6 Rxh2 1/2-1/2

[Event "Anapa op-B"]
[Site "Anapa"]
[Date "2010.09.10"]
[Round "9"]
[White "Demidov, Vladislav"]
[Black "Evdokimenko, Valentin"]
[Result "0-1"]
[WhiteElo "2036"]
[BlackElo "2304"]
[PlyCount "58"]
[EventDate "2010.08.31"]
[EventType "swiss"]
[EventRounds "9"]
[EventCountry "RUS"]
[SourceTitle "EXT 2013"]
[Source "ChessBase"]
[SourceDate "2012.11.22"]
[SourceVersion "1"]
[SourceVersionDate "2012.11.22"]
[SourceQuality "1"]

1. d4 Nf6 2. Bf4 d6 3. e3 c5 4. c3 Qb6 5. Qb3 Be6 6. Qxb6 axb6 7. Na3 Nd5 8. Bg3 Nxc3 9. Ne2 Nxe2 10. Bxe2 Nc6 11. dxc5 bxc5 12. 0-0 g6 13. Nb5 Kd7 14. Nc3 Bg7 15. a3 Bb3 16. Bf3 Bxc3 17. bxc3 b5 18. Rfb1 c4 19. Rb2 Ra5 20. Bd1 Bxd1 21. Rxd1 Rxa3 22. Rxb5 Rb8 23. Rxb8 Nxb8 24. Rc1 Na6 25. f3 Nc5 26. h3 Nd3 27. Rc2 Kc6 28. e4 Kb5 29. Kf1 Ka4 0-1